P-adic methods in number theory and algebraic geometry

-д хадгалсан:
Номзүйн дэлгэрэнгүй
Үндсэн зохиолчид: Adolphson, Alan (Зохиогч), Sperber, Steven (Зохиогч), Tretkoff, Marvin (Зохиогч)
Формат: Ном
Хэл сонгох:англи
Хэвлэсэн: Providence American Mathematical Society 1992
Цуврал:Contemporary Mathematics, 133
Нөхцлүүд:
Шошгууд: Шошго нэмэх
Шошго байхгүй, Энэхүү баримтыг шошголох эхний хүн болох!

MARC

LEADER 00000nam a2200000 a 4500
001 UCS6146
003 CL-VaPUC
008 970912e19920000US |||||||||||||||||eng|d
082 0 4 |a 512.7  |b ADO  |2 21 
100 0 |a Adolphson, Alan  |e author  |9 391650 
700 0 |a Sperber, Steven  |e author  |9 391651 
700 0 |a Tretkoff, Marvin  |e author  |9 391652 
245 1 0 |a P-adic methods in number theory and algebraic geometry 
300 |a 241 p 
942 |c BK 
945 |d 19970912 00:00:00  |a jquezada 
260 |a Providence  |b American Mathematical Society  |c 1992 
650 0 |a Álgebra  |9 259567 
650 0 |a Geometría   |9 264063 
650 0 |a Teoría de números  |9 265327 
650 0 |a Funciones   |9 263869 
650 0 |a Teoría de Galois  |9 271494 
583 |a last modification  |c 19970912 00:00:00  |k Rodrigo Vera 
490 0 |a Contemporary Mathematics, 133 
999 |c 262113  |d 262111 
952 |0 0  |1 0  |4 0  |6 512_700000000000000_ADO_1992  |7 0  |8 A  |9 290297  |a BIBMAT  |b BIBMAT  |d 2019-11-19  |i 3349136  |o 512.7 ADO 1992  |p 3349136  |r 2025-01-07  |w 2019-11-19  |y BK  |k MAT 
952 |0 0  |1 0  |4 0  |6 512_700000000000000_ADO_1992  |7 0  |8 A  |9 290298  |a BIBMAT  |b BIBMAT  |d 2019-11-19  |i 3452794  |o 512.7 ADO 1992  |p 3452794  |r 2025-01-07  |w 2019-11-19  |y BK  |k MAT